[Event "Donau op 14th"]
[Site "Aschach"]
[Date "2005.12.26"]
[Round "1"]
[White "Holzmann, Herbert"]
[Black "Zaja, Ivan"]
[Result "0-1"]
[WhiteElo "2127"]
[BlackElo "2466"]
[PlyCount "86"]
[EventDate "2005.12.26"]
[EventType "swiss"]
[EventRounds "7"]
[EventCountry "AUT"]
[SourceTitle "CBM 110 Extra"]
[Source "ChessBase"]
[SourceDate "2006.03.10"]
[SourceVersion "2"]
[SourceVersionDate "2006.03.10"]
[SourceQuality "1"]

1. Nf3 Nf6 2. c4 b6 3. g3 Bb7 4. Bg2 e6 5. 0-0 Be7 6. b3 a5 7. Nc3 0-0 8. Bb2 d5 9. d3 c5 10. e3 Nc6 11. Qe2 Qd7 12. Rad1 Rfd8 13. Rfe1 Ba6 14. Ba1 Rab8 15. Nb5 Rbc8 16. a4 Ne8 17. d4 cxd4 18. cxd5 Qxd5 19. Qb2 Qh5 20. Nbxd4 Nxd4 21. Nxd4 Bb4 22. Bf3 Qc5 23. Rc1 Bxe1 24. Rxc5 bxc5 25. Nb5 Rd2 26. Qe5 c4 27. bxc4 Nf6 28. Bc3 Rxf2 29. Qd6 Bxb5 30. Bxe1 Rxf3 31. axb5 Rxe3 32. Bxa5 h5 33. b6 Rb3 34. Qd1 Rb2 35. Qc1 Rb3 36. c5 Nd5 37. Qc2 Rb5 38. b7 Rxb7 39. c6 Rb5 40. Qa4 Rc5 41. c7 Nxc7 42. Qd7 Nd5 43. Bd8 Rc1+ 0-1

[Event "AUT-chT2M 0001"]
[Site "Austria"]
[Date "2001.??.??"]
[Round "9"]
[White "Holzmann, Herbert"]
[Black "Steigerstorfer, Erich"]
[Result "1/2-1/2"]
[WhiteElo "2210"]
[BlackElo "2225"]
[PlyCount "49"]
[EventDate "2000.??.??"]
[EventType "team"]
[EventRounds "9"]
[EventCountry "AUT"]
[SourceTitle "EXT 2003"]
[Source "ChessBase"]
[SourceDate "2002.11.25"]
[SourceVersion "1"]
[SourceVersionDate "2002.11.25"]
[SourceQuality "1"]

1. e4 c6 2. d4 d5 3. Nd2 dxe4 4. Nxe4 Bf5 5. Ng3 Bg6 6. Nf3 Nd7 7. h4 h6 8. h5 Bh7 9. Bd3 Ngf6 10. Bxh7 Nxh7 11. Qe2 e6 12. Bf4 Qa5+ 13. Bd2 Qc7 14. c4 0-0-0 15. 0-0-0 Bd6 16. Ne4 Bf4 17. Kb1 Bxd2 18. Rxd2 Nhf6 19. Nxf6 gxf6 20. Qe3 Nb6 21. Rc1 Kb8 22. g3 Rc8 23. b3 c5 24. d5 exd5 25. cxd5 1/2-1/2

[Event "AUT-chT2M 9900"]
[Site "Austria"]
[Date "2000.03.18"]
[Round "10.2"]
[White "Gerer, Josef"]
[Black "Holzmann, Herbert"]
[Result "1-0"]
[WhiteElo "2205"]
[BlackElo "2195"]
[PlyCount "49"]
[EventDate "1999.??.??"]
[EventType "team"]
[EventRounds "11"]
[EventCountry "AUT"]
[SourceTitle "EXT 2004"]
[Source "ChessBase"]
[SourceDate "2003.11.25"]
[SourceVersion "1"]
[SourceVersionDate "2003.11.25"]
[SourceQuality "1"]

1. d4 e6 2. Nf3 c5 3. e3 Nf6 4. Bd3 d5 5. c3 Nc6 6. Nbd2 cxd4 7. exd4 Bd6 8. 0-0 Qc7 9. Re1 Bd7 10. Nf1 h6 11. Qe2 Bf4 12. Bxf4 Qxf4 13. Ne5 h5 14. Nd2 Nxe5 15. dxe5 Ng8 16. Nf3 h4 17. Rad1 0-0-0 18. Bb5 h3 19. Rd4 Qh6 20. g3 Ne7 21. Bxd7+ Rxd7 22. Rh4 Qxh4 23. Nxh4 Nc6 24. Nf3 Kb8 25. Rd1 1-0

[Event "Balatonbereny IM-A"]
[Site "Balatonbereny"]
[Date "1997.??.??"]
[Round "9"]
[White "Holzmann, Herbert"]
[Black "Lipinsky, Fabian"]
[Result "1/2-1/2"]
[WhiteElo "2215"]
[BlackElo "2290"]
[PlyCount "71"]
[EventDate "1997.??.??"]
[EventType "tourn"]
[EventRounds "11"]
[EventCountry "HUN"]
[EventCategory "4"]
[SourceTitle "EXT 2001"]
[Source "ChessBase"]
[SourceDate "2000.11.22"]
[SourceVersion "1"]
[SourceVersionDate "2000.11.22"]
[SourceQuality "1"]

1. e4 c6 2. d3 d5 3. Nd2 dxe4 4. dxe4 e5 5. Bc4 Nf6 6. Ngf3 Bd6 7. 0-0 0-0 8. a4 Bg4 9. c3 a5 10. Qe2 Na6 11. h3 Bd7 12. Rd1 Nc5 13. Ne1 Qe7 14. b3 Rfb8 15. Nd3 b5 16. Nxc5 Bxc5 17. Bd3 h6 18. Nf1 Be6 19. Bc2 bxa4 20. bxa4 Nd7 21. Ne3 Bxe3 22. Bxe3 Nb6 23. Bd3 Bb3 24. Rdb1 Nxa4 25. Rxb3 Rxb3 26. Rxa4 Rxc3 27. Bc4 Ra3 28. Rxa3 Qxa3 29. Qg4 Qd6 30. Qh5 Qe7 31. Bxh6 gxh6 32. Qg6+ Kh8 33. Qxh6+ Kg8 34. Qg6+ Kf8 35. Qh6+ Kg8 36. Qg6+ 1/2-1/2

[Event "Balatonbereny IM-A"]
[Site "Balatonbereny"]
[Date "1997.??.??"]
[Round "4"]
[White "Holzmann, Herbert"]
[Black "Madl, Ildiko"]
[Result "0-1"]
[WhiteElo "2215"]
[BlackElo "2365"]
[PlyCount "86"]
[EventDate "1997.??.??"]
[EventType "tourn"]
[EventRounds "11"]
[EventCountry "HUN"]
[EventCategory "4"]
[SourceTitle "EXT 2001"]
[Source "ChessBase"]
[SourceDate "2000.11.22"]
[SourceVersion "1"]
[SourceVersionDate "2000.11.22"]
[SourceQuality "1"]

1. e4 c5 2. Nf3 d6 3. d4 cxd4 4. Nxd4 Nf6 5. Nc3 Nc6 6. Bc4 Qb6 7. Nb3 e6 8. 0-0 Be7 9. Be3 Qc7 10. Be2 0-0 11. f4 b6 12. a3 Bb7 13. Qe1 Rad8 14. Qg3 Kh8 15. Rae1 d5 16. e5 Ne4 17. Nxe4 dxe4 18. c3 f5 19. exf6 Rxf6 20. Rd1 Rxd1 21. Rxd1 Bd6 22. Nd4 Nxd4 23. Rxd4 h6 24. Rxd6 Qxd6 25. Bd4 Qxf4 26. Bxf6 Qxg3 27. hxg3 gxf6 28. Kf2 Kg7 29. Ke3 Kg6 30. g4 Kg5 31. g3 e5 32. b4 h5 33. gxh5 f5 34. c4 f4+ 35. gxf4+ exf4+ 36. Kd4 f3 37. Bf1 Kxh5 38. c5 bxc5+ 39. bxc5 Bc6 40. Ke3 Kg4 41. Kf2 Kf4 42. Ba6 e3+ 43. Kf1 Ke4 0-1

[Event "Balatonbereny IM-A"]
[Site "Balatonbereny"]
[Date "1997.??.??"]
[Round "11"]
[White "Holzmann, Herbert"]
[Black "Orso, Miklos"]
[Result "1/2-1/2"]
[WhiteElo "2215"]
[BlackElo "2390"]
[PlyCount "89"]
[EventDate "1997.??.??"]
[EventType "tourn"]
[EventRounds "11"]
[EventCountry "HUN"]
[EventCategory "4"]
[SourceTitle "EXT 2001"]
[Source "ChessBase"]
[SourceDate "2000.11.22"]
[SourceVersion "1"]
[SourceVersionDate "2000.11.22"]
[SourceQuality "1"]

1. e4 c5 2. Nf3 e6 3. d4 cxd4 4. Nxd4 a6 5. Bd3 Bc5 6. Nb3 Be7 7. c4 d6 8. Be3 Nd7 9. Nc3 b6 10. Rc1 Bb7 11. Bb1 Rc8 12. Nd2 Ngf6 13. 0-0 Qc7 14. f4 h5 15. Kh1 Qb8 16. Qe2 Ng4 17. Bg1 Ndf6 18. Rce1 Nd7 19. h3 Bh4 20. Rd1 Bf6 21. Nf3 Qc7 22. Qd3 Nc5 23. Qxd6 Qxd6 24. Rxd6 Bxc3 25. bxc3 Nxe4 26. Bxe4 Bxe4 27. Rxb6 Nf6 28. Re1 Bxf3 29. gxf3 0-0 30. Bd4 Rxc4 31. Rxa6 Nd5 32. f5 exf5 33. Ra5 Nxc3 34. Bxc3 Rxc3 35. Rxf5 g6 36. Rg1 Rc2 37. Rxh5 Rd8 38. Rhg5 Rxa2 39. h4 Kg7 40. R1g2 Rdd2 41. Kh2 Kh6 42. Rxd2 Rxd2+ 43. Rg2 Rd3 44. Kg3 Kh5 45. Ra2 1/2-1/2

[Event "Balatonbereny IM-A"]
[Site "Balatonbereny"]
[Date "1997.??.??"]
[Round "8"]
[White "Horvath, Adam"]
[Black "Holzmann, Herbert"]
[Result "1-0"]
[WhiteElo "2275"]
[BlackElo "2215"]
[PlyCount "81"]
[EventDate "1997.??.??"]
[EventType "tourn"]
[EventRounds "11"]
[EventCountry "HUN"]
[EventCategory "4"]
[SourceTitle "EXT 2001"]
[Source "ChessBase"]
[SourceDate "2000.11.22"]
[SourceVersion "1"]
[SourceVersionDate "2000.11.22"]
[SourceQuality "1"]

1. e4 c5 2. Nf3 e6 3. d4 cxd4 4. Nxd4 Nc6 5. Nc3 a6 6. Be2 Qc7 7. 0-0 Nf6 8. Be3 Bb4 9. Na4 Be7 10. Nxc6 bxc6 11. Qd3 0-0 12. c4 c5 13. f4 Bb7 14. Nc3 d6 15. Bf3 Rad8 16. Rad1 Nd7 17. Kh1 Nb8 18. g4 Nc6 19. g5 f6 20. h4 Qc8 21. Bg2 Kh8 22. a3 Rf7 23. Ne2 Rdf8 24. Ng3 f5 25. exf5 Rxf5 26. Nxf5 Rxf5 27. Kh2 Qe8 28. Be4 Rf8 29. Kg3 h6 30. Bd2 e5 31. f5 Qd8 32. b4 cxb4 33. axb4 Qd7 34. Bc3 Bc8 35. Qf3 g6 36. Bxc6 Qd8 37. f6 Qc7 38. Qe4 Rg8 39. fxe7 Qxe7 40. Rxd6 Kh7 41. Qxe5 1-0